MARC details
| 000 -LEADER |
| fixed length control field |
01294cam a2200325 i 4500 |
| 001 - CONTROL NUMBER |
| control field |
200429701 |
| 003 - CONTROL NUMBER IDENTIFIER |
| control field |
TR-AnTOB |
| 005 - DATE AND TIME OF LATEST TRANSACTION |
| control field |
20200422114947.0 |
| 008 - FIXED-LENGTH DATA ELEMENTS--GENERAL INFORMATION |
| fixed length control field |
000414s1984 tu b 100 0 tur d |
| 040 ## - CATALOGING SOURCE |
| Original cataloging agency |
TR-AnTOB |
| Language of cataloging |
eng |
| Description conventions |
rda |
| Transcribing agency |
ITU |
| Modifying agency |
TR-AnTOB |
| 041 ## - LANGUAGE CODE |
| Language code of text/sound track or separate title |
Türkçe |
| 050 00 - LIBRARY OF CONGRESS CALL NUMBER |
| Classification number |
DR592.K4 |
| Item number |
T87 1984 |
| 090 ## - LOCALLY ASSIGNED LC-TYPE CALL NUMBER (OCLC); LOCAL CALL NUMBER (RLIN) |
| Classification number (OCLC) (R) ; Classification number, CALL (RLIN) (NR) |
DR592.K4 |
| Local cutter number (OCLC) ; Book number/undivided call number, CALL (RLIN) |
T87 1984 |
| 111 1# - MAIN ENTRY--MEETING NAME |
| Meeting name or jurisdiction name as entry element |
Türkiye İş Bankası Uluslararası Atatürk Sempozyumu |
| Date of meeting |
(1981 : |
| Location of meeting |
İstanbul) |
| 9 (RLIN) |
120053 |
| 245 00 - TITLE STATEMENT |
| Title |
Bildiriler ve tartışmalar. |
| 246 34 - VARYING FORM OF TITLE |
| Title proper/short title |
Türkiye İş Bankası Uluslararası Atatürk Sempozyumu (17-22 Mayıs 1981) |
| 250 ## - EDITION STATEMENT |
| Edition statement |
2. Baskı |
| 264 #1 - PRODUCTION, PUBLICATION, DISTRIBUTION, MANUFACTURE, AND COPYRIGHT NOTICE |
| Place of production, publication, distribution, manufacture |
Ankara : |
| Name of producer, publisher, distributor, manufacturer |
Türkiye İş Bankası Kültür Yayınları, |
| Date of production, publication, distribution, manufacture, or copyright notice |
1984. |
| 300 ## - PHYSICAL DESCRIPTION |
| Extent |
xi, 852 pages : |
| Other physical details |
illustrations ; |
| Dimensions |
17 cm |
| 336 ## - CONTENT TYPE |
| Content type term |
text |
| Source |
rdacontent |
| 337 ## - MEDIA TYPE |
| Media type term |
unmediated |
| Source |
rdamedia |
| 338 ## - CARRIER TYPE |
| Carrier type term |
volume |
| Source |
rdacarrier |
| 490 0# - SERIES STATEMENT |
| Series statement |
Türkiye İş Bankası Kültür Yayınları ; |
| Volume/sequential designation |
Genel yayın no : 254 |
| Series statement |
Atatürk'ün doğumunun 100. yılı dizisi ; |
| Volume/sequential designation |
10 |
| 590 ## - LOCAL NOTE (RLIN) |
| Local note |
Donated by Levent Kuşoğlu |
| 600 #0 - SUBJECT ADDED ENTRY--PERSONAL NAME |
| Personal name |
Atatürk, Mustafa Kemal, |
| Dates associated with a name |
1881-1938 |
| Form subdivision |
Kongreler |
| General subdivision |
Kongreler. |
| 9 (RLIN) |
75443 |
|
| Personal name |
Atatürk, Kemal, |
| Dates associated with a name |
1881-1938 |
| Form subdivision |
Congresses |
| General subdivision |
Congresses |
| 9 (RLIN) |
112715 |
|
| Personal name |
Atatürk, Mustafa Kemal |
| Dates associated with a name |
1881-1938 |
| 9 (RLIN) |
20781 |
| 942 ## - ADDED ENTRY ELEMENTS (KOHA) |
| Source of classification or shelving scheme |
Library of Congress Classification |
| Koha item type |
Book |